| 000 | 00926nam a2200265Ia 4500 | ||
|---|---|---|---|
| 003 | OSt | ||
| 005 | 20220927103927.0 | ||
| 006 | a|||||r|||| 00| 0 | ||
| 007 | ta | ||
| 008 | 220926b |||||||| |||| 00| 0 eng d | ||
| 024 | _a105722 | ||
| 037 | _cReference Collections | ||
| 040 |
_aRTL _cRTL _beng |
||
| 041 |
_2eng _aeng |
||
| 082 | _a"X9(J382):(B).1.N7, L5" | ||
| 100 |
_aReutlinger Shlomo _9362167 |
||
| 245 | 0 | _aSimulation of world wide buffer stocks of wheat | |
| 260 |
_aWashington _bInternational Bank for Reconstruction and Development _c1975 |
||
| 300 |
_a21p. _ccm. |
||
| 490 | _a"International Bank for Reconstruction and Development , Publication. World Bank Staff Working Paper . 219" | ||
| 500 | _aBib p. 21 | ||
| 650 |
_aAgriculture Industry - Wheat _9362168 |
||
| 942 |
_h"X9(J382):(B).1.N7, L5" _cCC |
||
| 999 |
_c685127 _d685127 |
||